SEGA Characters Quiz - Statistics

General Stats
  • This quiz has been taken 68 times
  • The average score is 4 of 10
Answer Stats
Picture Answer % Correct
Sonic the Hedgehog
100%
Shadow the Hedgehog
39%
Dr Eggman
32%
Knuckles the Echidna
32%
Amy the Hedgehog
30%
Silver the Hedgehog
30%
Rouge the Bat
28%
Blaze the Cat
26%
Cream the Rabbit
26%
Tails the Fox
23%
No matching quizzes found
Score Distribution
Percent of People with Each Score
Percentile by Number Answered
Your Score History
You have not taken this quiz